[Event "Unterfranken-ch69 HT"]
[Site "Schweinfurt"]
[Date "2018.04.03"]
[Round "2"]
[White "Pfennig, Joachim"]
[Black "Gerhard, Philipp"]
[Result "1-0"]
[WhiteElo "1452"]
[BlackElo "964"]
[PlyCount "37"]
[EventDate "2018.04.02"]
[EventType "swiss"]
[EventRounds "9"]
[EventCountry "GER"]
[SourceTitle "EXT 2019"]
[Source "ChessBase"]
[SourceDate "2018.10.10"]
[SourceVersion "1"]
[SourceVersionDate "2018.10.10"]
[SourceQuality "1"]

1. e4 c5 2. Nf3 Nc6 3. d4 cxd4 4. Nxd4 Nxd4 5. Qxd4 e6 6. Nc3 Qf6 7. Be3 d6 8. Bb5+ Bd7 9. Bxd7+ Kxd7 10. 0-0 Be7 11. Qa4+ Kd8 12. Bxa7 Nh6 13. Bb6+ Kc8 14. Qxa8+ Kd7 15. Qxb7+ Ke8 16. Qc6+ Kf8 17. Qc8+ Bd8 18. Bxd8 Qf4 19. Bf6# 1-0

[Event "Unterfranken-ch HT 61th"]
[Site "Kitzingen"]
[Date "2010.04.06"]
[Round "2"]
[White "Pfennig, Joachim"]
[Black "Schaefer, Dietmar"]
[Result "0-1"]
[WhiteElo "1425"]
[BlackElo "1610"]
[PlyCount "88"]
[EventDate "2010.04.05"]
[EventType "swiss"]
[EventRounds "9"]
[EventCountry "GER"]
[SourceTitle "EXT 2015"]
[Source "ChessBase"]
[SourceDate "2014.11.20"]
[SourceVersion "1"]
[SourceVersionDate "2014.11.20"]
[SourceQuality "1"]

1. d4 d5 2. c4 e6 3. Nf3 Nf6 4. Bg5 Be7 5. e3 0-0 6. Nc3 c6 7. Be2 Nbd7 8. 0-0 Qc7 9. Rc1 a5 10. cxd5 exd5 11. Bf4 Qd8 12. Bd3 Re8 13. Qc2 h6 14. Rce1 Nf8 15. Ne5 Be6 16. Qe2 N8d7 17. Nf3 Nh5 18. Ne5 Nhf6 19. h3 Nxe5 20. Bxe5 Bd6 21. f4 Nh7 22. Bxh7+ Kxh7 23. f5 Bc8 24. Bxd6 Qxd6 25. Rf3 Bd7 26. Ref1 f6 27. g4 c5 28. dxc5 Qxc5 29. Qd2 Bc6 30. Rg3 Rad8 31. Qd4 Qd6 32. Kf2 b5 33. Rc1 b4 34. Nd1 Ba8 35. b3 Rc8 36. Rxc8 Rxc8 37. Qd2 Qc5 38. Ke1 Qc2 39. Rg2 Qe4 40. Rh2 Re8 41. Kf1 Bb7 42. Kf2 d4 43. Qxd4 Qf3+ 44. Kg1 Qg3+ 0-1